00488nam a2200181Ia 450000500170000000800410001704000190005804100120007708200170008910000170010624500500012326000370017330000120021050400400022265000200026265100140028285000100029620230728133730.0131103s9999 xx 000 0 und d aLoreto College aEnglish a920bDAR-STO aStone,Irving aClarence Darrow for the DefencecIrving Stone aLondonbA Four Squaro Bookc1966 a493 p.  aIncludes bibliographical references aDarrow,Clarence aBiography aLCLIB